000 00656nam a2200241 i 4500
001 C2-0309376
003 PPAK
005 20180728100426.0
008 110529s1991 my |||| ||||| | may d
020 _a9836219889
040 _aPPAK
_beng
_cPPAK
_erda
082 0 4 _a899.231
_223
090 0 0 _a899.231
_bKUM
_dKMI
245 0 0 _aKumpulan pantun Melayu
264 1 _aKuala Lumpur :
_bDewan Bahasa dan Pustaka ,
_c1991
300 _avii, 378 pages ;
_c21 cm
336 _2rdacontent
_atext
337 _2rdamedia
_aunmediated
338 _2rdacarrier
_avolume
650 1 0 _aMalay poetry.
700 0 _aZainal Abidin Bakar,
_ecompile
942 _ddc
_cB
999 _c111917
_d111917